Energy sector development in Ghana : oil, natural gas, electricity and renewable energy (Record no. 348)
[ view plain ]
| 000 -LEADER | |
|---|---|
| fixed length control field | 00650nam a2200169Ia 4500 |
| 008 - FIXED-LENGTH DATA ELEMENTS--GENERAL INFORMATION | |
| fixed length control field | 240428s9999||||xx |||||||||||||| ||und|| |
| 020 ## - INTERNATIONAL STANDARD BOOK NUMBER | |
| International Standard Book Number | 9783659878459 |
| 041 ## - LANGUAGE CODE | |
| Language code of text/sound track or separate title | eng |
| 082 ## - DEWEY DECIMAL CLASSIFICATION NUMBER | |
| Classification number | 333.794 iB |
| 100 ## - MAIN ENTRY--PERSONAL NAME | |
| Personal name | Ibrahim, Alhaji-Jail - Bukari, Dramani |
| 245 #0 - TITLE STATEMENT | |
| Title | Energy sector development in Ghana : oil, natural gas, electricity and renewable energy |
| 260 ## - PUBLICATION, DISTRIBUTION, ETC. | |
| Name of publisher, distributor, etc. | Lambert Academic Pub. |
| Place of publication, distribution, etc. | Saarcbrucken |
| Date of publication, distribution, etc. | 2016 |
| 300 ## - PHYSICAL DESCRIPTION | |
| Extent | 223p;diags.,graphs, tabs.,. |
| 650 ## - SUBJECT ADDED ENTRY--TOPICAL TERM | |
| Topical term or geographic name entry element | Renewable energy- Ghana - Oil and Natural Gas - Ghana - Electricity and Renewable Energy- Ghana - Energy Sector Development-Ghana - Natural Gas - Ghana |
| 942 ## - ADDED ENTRY ELEMENTS (KOHA) | |
| Koha item type | Books |
| Withdrawn status | Lost status | Damaged status | Not for loan | Home library | Current library | Shelving location | Date acquired | Total checkouts | Full call number | Date last seen | Copy number | Price effective from | Koha item type |
|---|---|---|---|---|---|---|---|---|---|---|---|---|---|
| Main Library | Main Library | Open Shelves | 17/09/2021 | 333.749iB 1244 C1 - 333.749iB 1245 C2 | 29/04/2024 | 1 | 29/04/2024 | Books | |||||
| Main Library | Main Library | Open Shelves | 07/02/2022 | 333.7-IB 1244 C1 - 333.794-IB 1245 C2 | 29/04/2024 | 1 | 29/04/2024 | Books |